Direitos de família / (Record no. 807)

MARC details
000 -LÍDER
Campo Fixo de Controle 00875nam a2200253 a 4500
001 - NÚMERO DE CONTROLE
Campo de Controle 807
003 - IDENTIFICAÇÃO DO NÚMERO DE CONTROLE
Campo de Controle BR-CuiBMT
005 - DATA E HORA DA ÚLTIMA ATUALIZAÇÃO
Campo de Controle 20231129164129.0
008 - DADOS FIXOS
Dados Fixos 231113s2004 dfb 001 0 por d
040 ## - AGÊNCIA CATALOGADORA
Código da Agência Catalogadora BR-CuiBMT
Agência que transcreveu o registro BR-CuiBMT
080 ## - Nº DA CLASSIFICAÇÃO DECIMAL UNIVERSAL
Nº Class. CDU 347.61/.68
Nº edição CDU 2007
090 ## - NÚMERO DE CHAMADA
Nº classificação 347.61/.68
Cutter P436d
100 1# - ENTRADA PRINCIPAL -- AUTOR PESSOAL
Nome pessoal Pereira, Lafayette Rodrigues,
Datas associadas ao nome 1834-1917
245 10 - TÍTULO PRINCIPAL
Título principal Direitos de família /
Indicação de responsabilidade Lafayette Rodrigues Pereira ; prefácio, Sálvio de Figueiredo.
260 ## - PUBLICAÇÃO, DISTRIBUIÇÃO, ETC.
Local de publicação Brasília :
Editora Ed. Fac-similar,
Data 2004.
300 ## - DESCRIÇÃO FÍSICA
N. páginas ou volumes xxvi, 376 p. ;
Dimensões 23 cm
490 1# - INDICAÇÃO DE SÉRIE
Título da série Coleção história do direito brasileiro : direito civil ;
Volume/designação sequencial da série v. 7
504 ## - NOTA DE BIBLIOGRAFIA, ETC.
Nota de bibliografia Inclui bibliografia e índice.
650 ## - ASSUNTO TÓPICO
Cabeçalho tópico ou nome geográfico Direito de família
Subdivisão geográfica Brasil
650 ## - ASSUNTO TÓPICO
Cabeçalho tópico ou nome geográfico Direito civil
Subdivisão geográfica Brasil
650 ## - ASSUNTO TÓPICO
Cabeçalho tópico ou nome geográfico Direito patrimonial
Subdivisão geográfica Brasil
830 #0 - ENTRADA SECUNDÁRIA DE SÉRIE -- TÍTULO UNIFORME
Título uniforme História do direito brasileiro : direito civil ;
Nº do volume/designação sequencial da série 7
942 ## - ELEMENTOS DE ENTRADA ADICIONAIS (KOHA)
Fonte de classificação ou esquema de arquivamento Classificação Decimal Universal
Tipo de item do Koha Livros
Holdings
Estado: removido Estado: perdido Fonte de classificação ou esquema de arquivamento Estado: danificado Indisponível para empréstimo Localização permanente Localização atual Data de aquisição Total Checkouts Número de Chamada completo Código de barras Date last seen Número do exemplar Preço efetivo a partir de Tipo de item (Koha)
    Classificação Decimal Universal     Biblioteca da Escola Superior de Contas do TCE/MT Biblioteca da Escola Superior de Contas do TCE/MT 19/04/2011   347.61/.68 P436d BIBTCEMT23110741 19/11/2023 Ex. 1 19/11/2023 Livros

Powered by Koha